000 00713nam a2200289Ia 4500
005 20260324122538.0
008 008 260324s9999 xx 000 0 eng d
020 _a9781315882895
037 _aEBOOK
040 _aCRL
040 _beng
040 _cCRL
041 _2eng
041 _aeng
084 _qCRL
100 _aBeata Huszka
_91166861
245 0 _aSecessionist Movements and Ethnic Conflict
245 0 _bDebate-Framing and Rhetoric in Independence Campaigns
260 _bTaylor and Francis
260 _c2013
365 _a
365 _b240
856 _uhttp://www.taylorfrancis.com/books/9781315882895
942 _cEBOOK
999 _c1759696
_d1759696